| 000 | 00676cam a22002411 4500 | ||
|---|---|---|---|
| 001 | sa 66001317 | ||
| 003 | DLC | ||
| 005 | 20260227112221.0 | ||
| 008 | 900212s1964 ii 000 0 sano | ||
| 010 | _asa 66001317 | ||
| 035 | _a(OCoLC)21052303 | ||
| 040 |
_aDLC _cWaU _dDLC |
||
| 050 | 0 | 0 |
_aPK517 _b.J5 |
| 100 | 0 | _aPāṇini. | |
| 240 | 1 | 0 | _aAṣṭādhyāyī |
| 245 | 1 | 0 | _aAṣṭādhyāyisūtrapātḥaḥ. |
| 260 | _c1964. | ||
| 300 |
_a8, 88 p. _c19 cm. |
||
| 440 | 0 |
_aRāmalāla Kapūra Ṭrasṭa granthamālā, _vsaṃ 23 |
|
| 500 | _aIn Sanskrit; foreword in Hindi. | ||
| 650 | 0 |
_aSanskrit language _xGrammar. |
|
| 700 | 1 |
_aJijnasu, Brahmadatta, _d1892-1964. |
|
| 999 |
_c67718 _d67718 |
||